[Event "AUT-ch U12 Girls"]
[Site "St Kanzian"]
[Date "2018.05.20"]
[Round "4.3"]
[White "Indarbieva, Iman"]
[Black "Weiser, Carola"]
[Result "1-0"]
[WhiteElo "1242"]
[BlackElo "853"]
[PlyCount "65"]
[EventDate "2018.05.19"]
[EventType "swiss"]
[EventRounds "7"]
[EventCountry "AUT"]
[SourceTitle "EXT 2024"]
[Source "ChessBase"]
[SourceDate "2023.10.10"]
[SourceVersion "1"]
[SourceVersionDate "2023.10.10"]
[SourceQuality "1"]

1. e4 e5 2. Nf3 Nc6 3. Nc3 Bc5 4. Bb5 d6 5. d3 Bg4 6. Be3 Nge7 7. Bxc5 dxc5 8. Qd2 0-0 9. Qg5 Qd7 10. Nxe5 Qe6 11. Nxg4 Nb4 12. 0-0 Nxc2 13. Rac1 Nd4 14. h3 h6 15. Nxh6+ Kh7 16. Ng4 c6 17. Qxc5 Rad8 18. Bc4 Qd7 19. Qh5+ Kg8 20. Ne5 g6 21. Nxd7 gxh5 22. Nxf8 Rxf8 23. Rfe1 Ng6 24. e5 Nf4 25. Re4 Nfe6 26. Bxe6 Nxe6 27. Rh4 Ng7 28. Ne4 Nf5 29. Rxh5 Nd4 30. Nf6+ Kg7 31. Rc4 Ne2+ 32. Kh2 b5 33. Rg4# 1-0

[Event "AUT-ch U10 Girls"]
[Site "St Kanzian"]
[Date "2017.06.18"]
[Round "7.6"]
[White "Baitulaeva, Ayscha"]
[Black "Weiser, Carola"]
[Result "0-1"]
[WhiteElo "800"]
[BlackElo "800"]
[PlyCount "114"]
[EventDate "2017.06.16"]
[EventType "swiss"]
[EventRounds "7"]
[EventCountry "AUT"]
[SourceTitle "EXT 2024"]
[Source "ChessBase"]
[SourceDate "2023.10.10"]
[SourceVersion "1"]
[SourceVersionDate "2023.10.10"]
[SourceQuality "1"]

1. e4 e5 2. Nf3 Nc6 3. Nc3 Bc5 4. Bc4 Nf6 5. 0-0 d6 6. d3 h6 7. Re1 Bg4 8. h3 Bh5 9. Be3 Bb6 10. Na4 Ba5 11. Rf1 0-0 12. c3 Qd7 13. b4 Nxb4 14. cxb4 Bxb4 15. Nb2 Bc3 16. Na4 Bxa1 17. Qxa1 Qxa4 18. Nd2 Be2 19. Re1 Bh5 20. Bb3 Qc6 21. Rc1 Qd7 22. Nc4 b5 23. Na3 c6 24. Nc2 c5 25. a4 b4 26. a5 d5 27. Bxc5 Rfc8 28. Bxb4 Re8 29. Ba4 Qd8 30. Bxe8 Qxe8 31. Na3 dxe4 32. dxe4 Nxe4 33. Nb5 Qxb5 34. Be1 Re8 35. f3 Nd6 36. Rd1 Nb7 37. Rb1 Qd7 38. Rc1 Qd5 39. Qb1 Qd4+ 40. Bf2 Qf4 41. Rd1 Nd6 42. Rxd6 f6 43. Qb3+ Bf7 44. Qb7 Qc1+ 45. Kh2 Rc8 46. Qxa7 Qf4+ 47. Bg3 Qc1 48. Qb7 Rc2 49. Rd8+ Be8 50. Qe4 Qb2 51. Rxe8+ Kf7 52. Ra8 Rxg2+ 53. Kh1 Rd2 54. Ra7+ Ke6 55. Qc6+ Kf5 56. a6 Qb1+ 57. Be1 Qxe1# 0-1

[Event "AUT-ch U10 Girls"]
[Site "St Kanzian"]
[Date "2017.06.17"]
[Round "4.4"]
[White "Altinisik, Aleyna"]
[Black "Weiser, Carola"]
[Result "1-0"]
[WhiteElo "853"]
[BlackElo "800"]
[PlyCount "69"]
[EventDate "2017.06.16"]
[EventType "swiss"]
[EventRounds "7"]
[EventCountry "AUT"]
[SourceTitle "EXT 2024"]
[Source "ChessBase"]
[SourceDate "2023.10.10"]
[SourceVersion "1"]
[SourceVersionDate "2023.10.10"]
[SourceQuality "1"]

1. e4 e5 2. Nf3 Nc6 3. Nc3 Nf6 4. Be2 Bc5 5. Nxe5 Nxe5 6. d4 Bd6 7. dxe5 Bxe5 8. Bg5 0-0 9. 0-0 h6 10. f4 Bd6 11. e5 Bc5+ 12. Kh1 Be7 13. exf6 Bxf6 14. Bxh6 gxh6 15. Bd3 Re8 16. Qh5 Kf8 17. Nd5 c6 18. Qxh6+ Bg7 19. Qd6+ Re7 20. Nxe7 Qxe7 21. Qc7 f5 22. Rae1 Qc5 23. Qd8+ Kf7 24. Qe8+ Kf6 25. Re2 Bh6 26. Rfe1 Bxf4 27. Re7 Bd2 28. Qf7+ Kg5 29. R7e5 Qf2 30. Rxf5+ Kg4 31. Rxf2 Bxe1 32. Qf3+ Kg5 33. Re2 d5 34. Re5+ Kh6 35. Qf6# 1-0

[Event "AUT-ch U10 Girls"]
[Site "St Kanzian"]
[Date "2017.06.16"]
[Round "3.2"]
[White "Weiser, Carola"]
[Black "Horn, Sarah"]
[Result "0-1"]
[WhiteElo "800"]
[BlackElo "1120"]
[PlyCount "40"]
[EventDate "2017.06.16"]
[EventType "swiss"]
[EventRounds "7"]
[EventCountry "AUT"]
[SourceTitle "EXT 2024"]
[Source "ChessBase"]
[SourceDate "2023.10.10"]
[SourceVersion "1"]
[SourceVersionDate "2023.10.10"]
[SourceQuality "1"]

1. e4 e5 2. Nf3 Nc6 3. Bc4 Bc5 4. d3 Nf6 5. 0-0 d6 6. h3 Be6 7. Bb3 Qe7 8. Bg5 h6 9. Bh4 g5 10. Nxg5 hxg5 11. Bxg5 0-0-0 12. Qf3 Rhg8 13. Bxf6 Qf8 14. Bxd8 Qxd8 15. Nc3 Qh4 16. g3 Rxg3+ 17. Qxg3 Qxg3+ 18. Kh1 Qxh3+ 19. Kg1 Nd4 20. f3 Nxf3# 0-1